000
00328pab a2200145 454500
008
180718b2000 xxu||||| |||| 00| 0 eng d
100
_a
Navalawala, B.N.
245
_a
Ground water over exploitation
260
_c
2000
300
_a
p.49-52,56
362
_a
Aug
650
_a
Groundwater
773
_a
Yojana
909
_a
45549
999
_c
45549
_d
45549